000 00535nam a2200181Ia 4500
003 GCL
008 140319s9999 xx 000 0 ara d
040 _aGCL /
_cGCL
082 0 4 _a301.1
_bح ع
100 1 _aفؤاد البهى السيد
245 1 0 _aعلم النفس الاجتماعى ط2 /
_cفؤاد البهى السيد
300 _a350 ص
490 _a
650 0 4 _aالتحليل النفسى
650 0 4 _aعلم النفس الاجتماعى
650 0 4 _aالعلاقات الاجتماعية
942 _2ddc
_cBK
999 _c44774
_d44774